| 000 | 00888cam a22002054a 4500 | ||
|---|---|---|---|
| 005 | 20250605163936.0 | ||
| 008 | 250528s ||||||||||||||||||||||||d | ||
| 035 | _a14857 | ||
| 020 | _a745304710 | ||
| 040 |
_aGR-AtMCL _bgre _dGR-AtMCL _eAACR2 |
||
| 245 | 1 | _aPostmodernism / The Twilight of the Real | |
| 250 | _a1st | ||
| 260 |
_bPluto Press, _c1990 |
||
| 300 | _a154 | ||
| 520 | _aThis book sets out to cut a path through the thickets of uncertainty and critical obfuscation that threaten to engulf postmodernism as a critical discourse. Heresies, Postmodernism: The Slippery Surface, Semiology and Meaning and Aesthetics, The Cultural Logic of Nostalgia, Doubletalk, Post Psychosis, Space on Flat Earth: Disney, Space on Flat Earth: Blade Runner, Reaching Degree Zero, Postscript. | ||
| 700 | 1 |
_aWakefield Neville _9629 |
|
| 942 | _cBK | ||
| 999 |
_c468 _d468 |
||